000 01055nas a2200349 4500
001 BR2018000590
003 BR-BrBNA
005 20231205131252.0
007 ta
008 230509b bl.|||p| |||| 00| 00por d
040 _aBR-BrBNA
_bpor
_cBiblioteca Nacional de Agricultura
041 _a(En)
072 _aL02; L01
100 1 _aLeikus, R.
100 1 _aJuskiene, V.
100 1 _aJuska, R.
100 1 _aJuodka, R.
100 1 _aStankeviciene, D.
100 1 _aNainiene, R.
100 1 _aSiukscius, A.
245 1 _aEffect of linseed oil sediment in the diet of pigs on the growth performance and fatty acid profile of meat
650 _aSUÍNO
650 _aDIETA
650 _aLINHAÇA
650 _aÓLEO
650 _aCRESCIMENTO
650 _aPRODUÇÃO ANIMAL
773 0 _tRevista Brasileira de Zootecnia (Brazil)
_xISSN 1806-9290
_g(2018), v. 47 p. 1-8
_wBR2018000590
856 4 0 _uhttp://www.scielo.br/pdf/rbz/v47/1806-9290-rbz-47-e20170104.pdf
909 _a202311
_bLúcia
_c55
_dLúcia Elande
942 _2AGRIS
_n0
_cANA
999 _c253893
_d253893